000 00418nam a2200169Ia 4500
999 _c33516
_d33516
003 0100
005 20170406090024.0
008 130303s9999 xx 000 0 und d
040 _cARRUPELIB
050 _aBX4668.H331970
100 _aHaring, Bernard
_929691
245 _aDiscovering God's Mercy
245 _bConfession helps for Today's Catholic
260 _aLiguori, Missouri
260 _bOne Liguori Drive
300 _a80p
650 _aConfession
_929692
942 _2lcc
_cMONOGRAPH